İçeriği atla
Inicio
Centros participantes
Catálogo
Servicios
Contacto
Giriş
English
Deutsch
Español
Français
Italiano
日本語
Nederlands
Português
Português (Brasil)
中文(简体)
中文(繁體)
Türkçe
עברית
Gaeilge
Cymraeg
Ελληνικά
Català
Euskara
Русский
Čeština
Suomi
Svenska
polski
Dansk
slovenščina
اللغة العربية
বাংলা
Galego
Tiếng Việt
Hrvatski
हिंदी
Հայերէն
Українська
Sámegiella
Dil
Tüm Alanlar
Materyal Adı
Yazar
Konu
Yer Numarası
ISBN/ISSN
Etiket
Ara
Gelişmiş
La Educación Superior en Guate...
Alıntıla
E-posta Gönder
Yazdır
Kaydı İhraç Et
İhraç Et RefWorks
İhraç Et EndNoteWeb
İhraç Et EndNote
Favorilerime ekle
Kalıcı bağlantı
İlk derecelendirmeyi ekleyin
La Educación Superior en Guatemala
Kaydedildi:
Detaylı Bibliyografya
Yazar:
González Orellana, Carlos
Müşterek Yazar:
CSUCA
Materyal Türü:
Metin
Baskı/Yayın Bilgisi:
San José:
CSUCA
Etiketler:
Etiketle
Etiket eklenmemiş, İlk siz ekleyin!
Erişim Bilgileri
Diğer Bilgiler
Yorumlar
Benzer Materyaller
MARC Görünümü
MARC
LEADER
00000 a a2200000 04500
001
20955
003
040
090
|a
090000
100
|a
González Orellana, Carlos
110
|a
CSUCA
245
|a
La Educación Superior en Guatemala
260
|a
San José:
|b
CSUCA
300
|a
66 p; v. 1
999
|c
16535
|d
16535
Benzer Materyaller
Crisis mundial y reestructuración en América Latina /
Yazar:: Aranda, Sergio
Lucha campesina en Costa Rica: no hay paz sin alimentos /
Resultados de las investigaciones sobre curriculum realizadas en Costa Rica /
Yazar:: Sánchez Moya, Zaida
Estadísticas universitarias /
Yazar:: Gertel, Héctor
Evolución de los precios para un grupo seleccionado de productos
Yazar:: García Piedra, Luis Orlando